000 00856cam a22002534a 4500
001 2156925
005 20180309041049.0
008 990208s2000 cau b 000 0 eng c
010 _a 99019759
020 _a0534520391
040 _aDNLM/DLC
_cDLC
_dDLC
041 _aeng
042 _apcc
060 1 0 _aW 50
_bI618 1999
080 _a174.2 MUN
082 0 0 _a174.2 MUN
_221
100 _a24
101 _aFIL
245 0 0 _aIntervention and reflection :
_c[compiled by] Ronald Munson, with the assistance of Miriam Munson.
504 _aIncludes bibliographical references.
906 _a7
_bcbc
_corignew
_d1
_eocip
_f19
_gy-gencatlg
942 _2ddc
_cBK
999 _c44552
_d44552